Statistics for Liga 2017-18 Logos

Click here to take the quiz!

General Stats

  • This quiz has been taken 77 times
  • The average score is 15 of 20

Answer Stats

Team % Correct
Real Betis
95%
Real Madrid
95%
FC Barcelona
92%
Sevilla FC
89%
Valencia CF
88%
Real Sociedad
86%
Athletic Bilbao
86%
Celta Vigo
85%
Atlético Madrid
85%
Deportivo La Coruña
78%
Málaga CF
77%
RCD Espanyol
75%
Getafe CF
71%
Levante UD
71%
SD Eibar
68%
UD Las Palmas
68%
Deportivo Alavés
66%
Villarreal CF
63%
CD Leganés
55%
Girona FC
52%

Score Distribution

Percentile by Number Answered

Percent of People with Each Score

Your Score History

You have not taken this quiz